Дарвин в супермаркета (Запис номер 425248)
[ съкратено ]
| 000 -Лидер | |
|---|---|
| Контролно поле с фиксирана дължина | nam a22 a 4500 |
| 003 - Код на организацията, давaща контролен номер | |
| Контролно поле | BLK |
| 005 - Дата и час на последна редакция | |
| Контролно поле | 20230321093953.0 |
| 008 - Елементи от данни с фиксирана дължина | |
| fixed length control field | 210726b bul|||||r ||||||| ||bul|| |
| 020 ## - Международен стандартен номер на книга ISBN | |
| Международен стандартен номер на книга ISBN | 9786190207931 |
| 040 ## - Източник на каталожния запис | |
| Идентификатор на билиотеката - собственик на записа | BLK |
| 041 ## - Код за език | |
| Код за езика на текст/звукозапис или на отделно заглавие | Български |
| Код за езика КДБФ | Български |
| 080 ## - УДК | |
| Текстов определител УДК | Социално поведение. Девиантно поведение. Социална патология. Активност и пасивност, конвенционално поведение, мотивация, потребности, стремежи |
| УДК код - определител по УДК | 316.62 |
| УДК - код + определител | 316.62 |
| 100 ## - Редна дума - Автор | |
| Автор | Нелисен, Марк |
| Авторска отговорност | първи автор |
| R(LIN) | 460687 |
| 139 ## - Редно поле | |
| Редна дума | Нелисен, Марк |
| Авторски знак | Нел - Н 52 |
| 245 10 - Сведения за заглавието | |
| Заглавие | Дарвин в супермаркета |
| Подзаглавни данни | как еволюцията влияе на поведението ни |
| Редно поле (дума) | Марк Нелисен ; прев. от нидерл. Мария Енчева |
| Физически носител (вид на носителя) | |
| 257 ## - Страна на издаване | |
| Страна на създаване/издаване | България |
| 260 ## - Област на издателските данни | |
| Място на издаване, разпространение и проч. | София |
| Име на издателя, разпространителя и проч. | Колибри |
| Година на издаване | 2021 |
| Печатница | [София] : Инвестпрес |
| 9 (RLIN) | 209486 |
| Издателство - префикс ISBN | 978-619-02- ; 978-619-150- ; 978-954-150- ; 978-954-529- |
| 300 ## - Физическа характеристика | |
| Страници | 205 с. |
| Размери/Мащаб | 20 см |
| 380 ## - Жанр | |
| Жанр | Обществени науки |
| 500 ## - Общи забележки | |
| Забележка | Ориг. загл.: Darwin in de supermarkt / Mark Nelissen. - Биогр. данни за авт. |
| 650 #0 - Допълнително описание по предмет – тема | |
| 9 (RLIN) | 261745 |
| Основно описание – тема или топоним | Психология, социална |
| 653 #7 - Ключова дума – ненормативна | |
| 9 (RLIN) | 197062 |
| Ключова дума | социобиология |
| 653 #7 - Ключова дума – ненормативна | |
| 9 (RLIN) | 193925 |
| Ключова дума | поведение |
| 700 ## - Други автори (авторска отговорност) | |
| 9 (RLIN) | 966 |
| Лично име | Енчева, Мария Генчева |
| Автороска отговорност (Описва отношението между автора и произведението) | прев. |
| 852 ## - Местоположение | |
| Форматна сигнатура | Цб 308252 |
| Фондова буква | Хранилище |
| 856 ## - Електронен адрес и достъп | |
| Инструкция (цена за достъп) | 0.00 |
| Права за достъп | disable |
| 999 ## - СИСТЕМНИ КОНТРОЛНИ НОМЕРА | |
| Koha biblionumber | 425248 |
| Koha biblioitemnumber | 425248 |
| 942 ## - АРТИКУЛИ | |
| Вид на библиотечния материал | Книги |
| Скрит в OPAC | Не |
| Периодичен библиозапис | Да |
| Koha issues (borrowed), all copies | 2 |
| 944 ## - СЪЗДАВАНЕ И РЕДАКЦИЯ на ЗАПИСА | |
| Създаване/Редакция | Създаване |
| Дата на регистрацията/редакция | 2021-07-26 |
| Служител, извършил регистрацията/редакцията | ГГГ |
| 999 ## - СИСТЕМНИ КОНТРОЛНИ НОМЕРА | |
| Koha biblioitemnumber | 425248 |
| Код за отписване | Код за изгубен артикул | Източник на класификационната схема | Код за повреда | Коз за рестрикции | Код за отдаване | Артикулен № | Име на библиотеката - собственик | Име на библиотеката, в която се намира в момента | Статус (Текущо местоположение) | Дата на вписване в системата | Местоположение - отдел | Цена в лева | Систематично азбучна сигнатура | Баркод | Цена в евро | Служебен тип на артикула |
|---|---|---|---|---|---|---|---|---|---|---|---|---|---|---|---|---|
| Не е изгубен | Universal Decimal Classification | Не е повреден | само за читалня | ползва се в читалня | 845025 | Регионална библиотека "Любен Каравелов" Русе | Регионална библиотека "Любен Каравелов" Русе | Хранилище | 2021-07-28 | Хранилище | 20.00 | Цб 308252 | 120000858132 | 10.23 | Книги | |
| Не е изгубен | Universal Decimal Classification | Не е повреден | без рестрикции | заемане за дома | 913220 | Регионална библиотека "Любен Каравелов" Русе | Регионална библиотека "Любен Каравелов" Русе | Заемна - подръчен фонд | 2022-11-23 | Заемна - подръчен фонд | 9.00 | 316.6/Н 52 М | 120000878776 | 4.60 | Книги |